| 000 | 00401nam a2200181Ia 4500 | ||
|---|---|---|---|
| 005 | 20250603145107.0 | ||
| 008 | 250603s9999 xx 000 0 und d | ||
| 020 | _a9780273743873 | ||
| 050 | _aQA 276 .12 .L35/ | ||
| 100 | _aLakin, Steve. | ||
| 245 | 0 | _aHow to use statistics | |
| 260 | _aHarlow | ||
| 260 | _bPearson | ||
| 260 | _c2011 | ||
| 300 | _a283 p | ||
| 650 | _aHarlow | ||
| 942 | _cBK | ||
| 999 |
_c40850 _d40850 |
||